000 00668nam a2200205Ia 4500
001 10644
003 GE_BSU
008 181216s||||||||xx |||||||||||||| ||und||
040 _cGE_BSU
245 _aВрач.№5. май.2014.
245 _bЕжемесячный научно-практич. и публицистический журнал.
245 _cГл.ред. И.Н. Денисов
260 _aМосква
260 _bРусский врач.
260 _c2014.
300 _a88стр.29см.
653 _aВрач
653 _aЕжемесячный научно-практич. и публицистический журнал.
942 _cCR
999 _c43895
_d43895